Massoobmen v chimičeskoj technologii : Sbornik naučnych trudov

Gespeichert in:
Bibliographische Detailangaben
Format: Buch
Veröffentlicht: Riga : Rižskij politechničeskij institut, 1986
Tags: Tag hinzufügen
Keine Tags, Fügen Sie das erste Tag hinzu!

MARC

LEADER 00000nam a22000003a 4500
001 stu19526
005 20141122075708.0
008 ------s1986----xxr---------------------d
040 |a STU  |b slo 
041 0
044 |a xxr 
080 |a 66.021.3  |7 stu_us_auth*stu5822 
245 |a Massoobmen v chimičeskoj technologii :  |b Sbornik naučnych trudov 
260 |a Riga :  |b Rižskij politechničeskij institut,  |c 1986 
300 |a 152 s :  |b Obr.,tab.,grafy,lit 
996 |b C77772  |c C*77772  |l CCXVIII  |s P  |a 0  |w stu19526_0001